Statistics for Top 40 Countries by Coronavirus Vaccination

Click here to take the quiz!

General Stats

  • This quiz has been taken 250 times
    (113 since last reset)
  • The average score is 28 of 40

Answer Stats

TotalCountry% Correct
197United Kingdom
96%
181France
94%
178Canada
92%
176Germany
91%
167Australia
90%
158Japan
90%
199China
89%
181Spain
89%
165New Zealand
87%
180Norway
85%
169Sweden
85%
186Belgium
84%
181Italy
84%
171Finland
82%
192Ireland
82%
183Austria
81%
203Denmark
81%
186Portugal
80%
195South Korea
80%
184Israel
79%
198Iceland
78%
158Switzerland
75%
169Luxembourg
72%
158Greece
69%
229United Arab Emirates
67%
167Singapore
66%
166Argentina
65%
182Qatar
61%
228Chile
58%
206Malta
58%
165Kuwait
57%
195Bahrain
54%
176Malaysia
51%
264Cuba
45%
201Uruguay
45%
182Brunei
37%
186Seychelles
22%
165Mongolia
19%
183Cambodia
17%
159Mauritius
17%

Score Distribution

Percentile by Number Answered

Percent of People with Each Score

Your Score History

You have not taken this quiz since the last reset